000 00638nam a2200217Ia 4500
005 20250508165348.0
008 008 250505s9999 xx 000 0 eng d
020 _a0-8039-2816-5
037 _aTextual
040 _aFEDL
_beng
_cFEDL
041 _aeng
_2eng
084 _a305.23, PHI
_qFEDL
100 _aPhinney Jean S Ed.
_9780611
245 0 _aChildren's ethnic socialization: Pluralism and development
260 _aCalifornia, USA
_bSage Publications
_c1987
300 _a328p.
365 _aUSD
_b80
700 _a Rotheram Mary Jane Ed.
_9780612
942 _cTEXL
_h305.23, PHI
999 _c1394667
_d1394667